000 00913nam a2200253 a 4500
001 402
003 BR-CuiBMT
005 20231129051710.0
008 230824s2017 mgba 000 0 por d
020 _a9788545002154
040 _aBR-CuiBMT
_cBR-CuiBMT
080 _a347.19:343.352
_22007
090 _a347.19:343.352
_bR484r
100 1 _aRibeiro, Márcio de Aguiar
245 1 0 _aResponsabilização administrativa de pessoas jurídicas à luz da lei anticorrupção empresarial /
_cMárcio de Aguiar Ribeiro ; Flávio Henrique Unes Pereira prefácio.
260 _aBelo Horizonte :
_bFórum,
_c2017.
300 _a345 p. :
_bil. ;
_c22 cm
504 _aInclui bibliografia.
650 _aProcesso administrativo
_zBrasil
650 _aCorrupção
_vLegislação
_zBrasil
650 _aAdministração pública
_xTransparência
_zBrasil
650 _aPessoas jurídicas
_xCorrupção
_zBrasil
942 _2udc
_cLV
999 _c402
_d402